00657nam a2200193Ia 4500008004100000020001800041082001500059100004100074245004000115250000700155260003300162300002300195500001900218600002100237650005000258942000700308952013100315999001700446240925s9999 xx 000 0 und d a9780170136761 a005.74 ALI aAli, A B M Shawkat; Wasimi, Saleh A. 0aData Mining: methods and techniques aNA aLondon:bThomas learc,2007. a634p.b0fOriginal aIncludes Index aComputer Science aComputer science, information & general works cBK 001040708CSaUITUbUITUd2018-11-22eShahid Book Centerg260.00l0o005.74 ALIpQ11989r2024-09-25 07:16:17w2024-09-25yBK c14488d14488